000 00761nam a2200253Ia 4500
003 GCL
008 140319s9999 xx 000 0 ara d
040 _aGCL /
_cGCL
082 0 4 _a101
_bع م
100 1 _aعبدالمجيد عبدالرحيم
245 1 0 _aمدخل الى الفلسفة بنظرة اجتماعية /
_cعبدالمجيد عبدالرحيم
260 _a[S.N] :
_bمكتبة النهضة المصرية ،
_c1979
300 _a427 ص
490 _a
650 0 4 _aالفلسفة الاسلامية
650 0 4 _aالفلسفة
650 0 4 _aنظريات
650 0 4 _aاللاهوت
650 0 4 _aالدين والفلسفة
650 0 4 _aالفلاسفة
650 0 4 _aالمنطق
650 0 4 _aالشك
942 _2ddc
_cBK
999 _c29479
_d29479